000
00318nam a22001457a 4500
008
231124b ||||| |||| 00| 0 eng d
020
_a
0742501310
041
_a
eng
080
_a
61
082
_a
61WAI
100
_a
4
101
_a
INF
245
_a
AT THE FRONT LINES OF MEDICINE
_c
WAITZKIN.H
942
_2
udc
_c
BK
999
_c
60507
_d
60507